000 00911cam a2200277u 4500
999 _c173034
_d173034
001 9707749
003 Nust
005 20170117153439.0
008 830419s1931 enk 000 1 eng
010 _a 36037053
020 _a9780141439662
040 _aDLC
_cCarP
_dDLC
050 0 0 _aAC1
_b.E8 no. 21
082 _a823
_bAUS
100 1 _aAusten, Jane,
_d1775-1817.
240 1 0 _aSense and sensibility
245 1 0 _aSense & sensibility,
260 _aLondon & Toronto,
_bJ. M. Dent & sons, ltd.;
_aNew York,
_bE. P. Dutton & co.
_c2003
300 _axviii, 409 p.
_c18 cm.
650 0 _aInheritance and succession
_vFiction.
650 0 _aSocial classes
_vFiction.
650 0 _aYoung women
_vFiction.
650 0 _aSisters
_vFiction.
651 0 _aEngland
_vFiction.
655 7 _aDomestic fiction.
_2lcsh
655 7 _aLove stories.
_2gsafd
906 _a0
_bcbc
_cpremunv
_du
_encip
_f19
_gy-gencatlg
942 _2ddc
_cBK